[Event "POL-ch"]
[Site "Chorzow POL"]
[Date "2013.04.??"]
[Round "1"]
[White "Duda, Jan-Krzysztof"]
[Black "Gajewski, Grzegorz"]
[Result "1-0"]
[WhiteElo "2497"]
[BlackElo "2653"]
[EventDate "2013.04.13"]
[PlyCount "85"]

1.e4 c5 2.Nf3 e6 3.d4 cxd4 4.Nxd4 a6 5.Bd3 Bc5 6.Nb3 Be7 7.Qg4 g6 8.Qe2 d6
9.O-O Nd7 10.a4 Ne5 11.h3 Bd7 12.Nc3 Nf6 13.Bh6 Nh5 14.f4 Ng3 15.Qf2 Nxd3 
16.Qxg3 Nxb2 17.Bg7 Rg8 18.Bd4 Rc8 19.f5 Bh4 20.Qxd6 gxf5 21.Qf4 Bc6 22.g4
h5 23.exf5 hxg4 24.hxg4 Bg5 25.Qg3 f6 26.Rae1 e5 27.Bxe5 fxe5 28.Rxe5+ Kf7
29.f6 Nc4 30.Re7+ Kf8 31.Rh7 Nd2 32.Nxd2 Qxd2 33.Nd5 Qd4+ 34.Rf2 Qc5 35.
Nc7 Re8 36.Nxe8 Be3 37.Ng7 Bxf2+ 38.Qxf2 Qxf2+ 39.Kxf2 Kf7 40.Nh5+ Kg6 41.
f7 Rf8 42.Rg7+ Kh6 43.Kg3 1-0

[Event "POL-ch"]
[Site "Chorzow POL"]
[Date "2013.04.??"]
[Round "1"]
[White "Socko, Bartosz"]
[Black "Dragun, Kamil"]
[Result "1/2-1/2"]
[WhiteElo "2651"]
[BlackElo "2492"]
[EventDate "2013.04.13"]
[PlyCount "63"]

1.d4 Nf6 2.c4 e6 3.Nf3 c5 4.d5 exd5 5.cxd5 d6 6.Nc3 g6 7.Bf4 a6 8.a4 Bg7 
9.h3 O-O 10.e3 Re8 11.Nd2 Nbd7 12.Nc4 Ne4 13.Nxe4 Rxe4 14.Bd3 Rxc4 15.Bxc4
Bxb2 16.Rb1 Bc3+ 17.Kf1 Nb6 18.Bb3 Qf6 19.Bg3 Bf5 20.Bc2 Bxc2 21.Qxc2 Nc4 
22.Ke2 Na3 23.Qb3 Nxb1 24.Qxb7 Rd8 25.Rxb1 Qf5 26.Rc1 Bf6 27.Rc4 Kg7 28.
Bh2 Qh5+ 29.Ke1 Qf5 30.Ke2 Qh5+ 31.Ke1 Qf5 32.Ke2 1/2-1/2

[Event "POL-ch"]
[Site "Chorzow POL"]
[Date "2013.04.??"]
[Round "1"]
[White "Pakleza, Zbigniew"]
[Black "Miton, Kamil"]
[Result "0-1"]
[WhiteElo "2486"]
[BlackElo "2628"]
[EventDate "2013.04.13"]
[PlyCount "84"]

1.d4 f5 2.c4 Nf6 3.Nc3 d6 4.Bg5 Nbd7 5.g4 fxg4 6.h3 g3 7.f4 e5 8.dxe5 dxe5
9.fxe5 Nxe5 10.Qxd8+ Kxd8 11.O-O-O+ Bd7 12.Nd5 Be7 13.Bf4 Nxd5 14.cxd5 Bd6
15.Bxg3 Bf5 16.Bg2 Nc4 17.Rd4 Ne3 18.Bxd6 cxd6 19.Kd2 Re8 20.Bf3 Rc8 21.
Rb4 b6 22.Rb3 Rc2+ 23.Ke1 Nc4 24.Rc3 Rxc3 25.bxc3 Re3 26.Kf2 Rxc3 27.e4 
Bd7 28.Ne2 Ra3 29.Ra1 Nd2 30.Bg2 Bxh3 31.Ng3 Bxg2 32.Kxg2 g6 33.Rc1 Rxa2 
34.Kh3 Nf3 35.Kg4 Ra3 36.Ne2 Re3 37.Nc3 Ne5+ 38.Kg5 a6 39.Kf6 Kd7 40.Na4 
Rb3 41.Rc2 Rb4 42.Ra2 h5 0-1

[Event "POL-ch"]
[Site "Chorzow POL"]
[Date "2013.04.??"]
[Round "1"]
[White "Swiercz, Dariusz"]
[Black "Czakon, Jakub"]
[Result "1-0"]
[WhiteElo "2622"]
[BlackElo "2485"]
[EventDate "2013.04.13"]
[PlyCount "73"]

1.e4 e5 2.Nf3 Nc6 3.Bb5 Nf6 4.d3 d6 5.c3 Bd7 6.O-O g6 7.Re1 Bg7 8.h3 O-O 
9.a4 h6 10.Nbd2 Nh7 11.a5 a6 12.Bc4 Kh8 13.Bd5 Rb8 14.Nf1 f5 15.exf5 gxf5 
16.Ng3 Ne7 17.Bb3 Ng6 18.Nh5 Bc6 19.Ba4 Qd7 20.Bxc6 Qxc6 21.d4 Rbe8 22.
dxe5 dxe5 23.Qb3 Nf6 24.Nxg7 Kxg7 25.Ra4 Re7 26.Nh4 Nxh4 27.Rxh4 Ng8 28.
Rc4 Qe6 29.Bf4 Qf6 30.Be3 Rff7 31.Qxb7 f4 32.Bc5 Re6 33.Rce4 Qf5 34.Rxe5 
Rxe5 35.Rxe5 Qb1+ 36.Kh2 f3 37.Qe4 1-0

[Event "POL-ch"]
[Site "Chorzow POL"]
[Date "2013.04.??"]
[Round "1"]
[White "Szelag, Marcin"]
[Black "Bartel, Mateusz"]
[Result "1/2-1/2"]
[WhiteElo "2484"]
[BlackElo "2619"]
[EventDate "2013.04.13"]
[PlyCount "84"]

1.e4 e5 2.Nf3 Nc6 3.Bb5 a6 4.Ba4 Nf6 5.O-O Bc5 6.c3 O-O 7.Re1 d6 8.d4 Ba7 
9.h3 h6 10.Bxc6 bxc6 11.dxe5 dxe5 12.Qxd8 Rxd8 13.Nbd2 Nd7 14.Nc4 Re8 15.
Be3 Bxe3 16.Rxe3 a5 17.a4 f6 18.Nfd2 Nc5 19.b4 axb4 20.cxb4 Rxa4 21.Rxa4 
Nxa4 22.Ra3 Nb6 23.Ra7 Be6 24.Na5 Rc8 25.Nxc6 Kf8 26.Rb7 Ke8 27.Na7 Rd8 
28.Rxc7 Rxd2 29.Rc6 Nc4 30.Rxe6+ Kd7 31.Ra6 Nd6 32.f3 Kc7 33.b5 Kb7 34.Ra4
h5 35.h4 Rc2 36.Kh2 Rc7 37.Ra2 Rd7 38.Kh3 Kb6 39.Ra6+ Kb7 40.Ra2 Kb6 41.
Ra6+ Kb7 42.Ra2 Kb6 1/2-1/2

[Event "POL-ch"]
[Site "Chorzow POL"]
[Date "2013.04.??"]
[Round "1"]
[White "Macieja, Bartlomiej"]
[Black "Kanarek, Marcel"]
[Result "1-0"]
[WhiteElo "2608"]
[BlackElo "2482"]
[EventDate "2013.04.13"]
[PlyCount "160"]

1.Nf3 Nf6 2.c4 e6 3.g3 d5 4.Bg2 Be7 5.O-O O-O 6.b3 c5 7.e3 Nc6 8.d3 b6 9.
Bb2 Bb7 10.Nc3 Rc8 11.Qe2 Qd7 12.Rfd1 Rfd8 13.d4 cxd4 14.Nxd4 Nxd4 15.Rxd4
Bc5 16.Rdd1 Qe7 17.cxd5 exd5 18.Rac1 Ne4 19.Nb5 a5 20.Qg4 f5 21.Qf4 Re8 
22.Nd4 g6 23.Qf3 Bb4 24.Qe2 Rc5 25.Nc2 Nc3 26.Bxc3 Bxc3 27.Qd3 Rec8 28.Rb1
Bf6 29.Nd4 Rc3 30.Qb5 Qd6 31.Ne2 R3c5 32.Qd3 Bc6 33.Nd4 Be8 34.Qd2 Bf7 35.
b4 axb4 36.Qxb4 Ra8 37.Rb2 Kg7 38.h4 h5 39.Rbd2 Qc7 40.Ne2 Raa5 41.Nd4 Rc1
42.Bf3 Qc4 43.Qb2 Rxd1+ 44.Bxd1 Qc7 45.Kg2 Rc5 46.Bb3 Qe7 47.Kg1 Qc7 48.
Kg2 Qe7 49.Bd1 Qa7 50.Bf3 Qa5 51.Rd3 Rc4 52.Qd2 Qxd2 53.Rxd2 f4 54.gxf4 
Bxh4 55.Bd1 Bf6 56.Bb3 Rc5 57.Nf3 Bc3 58.Rd1 Kf6 59.Ne5 b5 60.Nxf7 Kxf7 
61.Bxd5+ Kg7 62.Be4 Bf6 63.Kf3 b4 64.Rd7+ Kh6 65.Rd6 Kg7 66.Rb6 Ra5 67.Bb1
Ra4 68.Kg2 Kf7 69.Bc2 Ra5 70.Rxb4 g5 71.fxg5 Rxg5+ 72.Kh3 Rc5 73.Rc4 Ra5 
74.a4 Ke7 75.f4 Kd6 76.e4 Bd8 77.e5+ Kd5 78.Bb3 Bb6 79.Kh4 Bd4 80.Kxh5 Ke4
1-0

[Event "POL-ch"]
[Site "Chorzow POL"]
[Date "2013.04.??"]
[Round "1"]
[White "Urban, Klaudiusz"]
[Black "Kempinski, Robert"]
[Result "0-1"]
[WhiteElo "2467"]
[BlackElo "2599"]
[EventDate "2013.04.13"]
[PlyCount "120"]

1.d4 Nf6 2.c4 g6 3.Nc3 Bg7 4.e4 O-O 5.Bd3 Nc6 6.Nf3 d6 7.d5 Nb4 8.Bb1 a5 
9.O-O c6 10.Re1 cxd5 11.cxd5 Bg4 12.Be3 Nd7 13.a3 Na6 14.Bd3 Nac5 15.Bf1 
Rc8 16.Rb1 f5 17.exf5 Ne5 18.Bxc5 Rxc5 19.Be2 Bxf5 20.Nd4 Bxb1 21.Qxb1 Rf7
22.Ne6 Qc8 23.Nxc5 Qxc5 24.Rf1 Nc4 25.Ne4 Qxd5 26.Rd1 Qc6 27.Ng5 Rf5 28.h4
d5 29.Bg4 Re5 30.b3 Nxa3 31.Qa2 Nb5 32.Qxa5 Nc7 33.Qa7 Bf6 34.Qb8+ Kg7 35.
Nf3 Re4 36.Qc8 e6 37.Bh3 Nb5 38.Qxc6 bxc6 39.g3 Nc3 40.Re1 Rxe1+ 41.Nxe1 
Kf7 42.Kf1 Ke7 43.Nd3 Kd6 44.Nf4 e5 45.Ne2 Ne4 46.Ke1 Nc5 47.Nc1 e4 48.Kd2
Bd4 49.Ke2 Bb2 50.b4 Ne6 51.Nb3 Bc3 52.b5 cxb5 53.f3 exf3+ 54.Kxf3 b4 55.
Bf1 Be1 56.Bd3 Ke5 57.h5 gxh5 58.Bb1 Ng5+ 59.Kg2 Ne4 60.Kf3 h6 0-1

[Event "POL-ch"]
[Site "Chorzow POL"]
[Date "2013.04.??"]
[Round "1"]
[White "Tomczak, Jacek"]
[Black "Grabarczyk, Miroslaw"]
[Result "1/2-1/2"]
[WhiteElo "2564"]
[BlackElo "2452"]
[EventDate "2013.04.13"]
[PlyCount "81"]

1.e4 e5 2.Bc4 Nc6 3.Nf3 Bc5 4.b4 Bxb4 5.c3 Be7 6.d4 Na5 7.Be2 exd4 8.Qxd4 
Bf6 9.e5 Be7 10.Qd5 c6 11.Qd4 d5 12.exd6 Qxd6 13.Qxg7 Bf6 14.Qg3 Qxg3 15.
hxg3 Ne7 16.Bg5 Bg7 17.Bh6 Bf6 18.Bg5 Bg7 19.Bh6 Bf6 20.Nbd2 Bf5 21.Nd4 
Bg6 22.Bg4 Nd5 23.N2f3 Nc4 24.O-O-O Kd8 25.Bf4 h5 26.Bf5 Ke7 27.Rhe1+ Kf8 
28.Bxg6 fxg6 29.Re4 Re8 30.Ne6+ Kg8 31.Nc5 Rxe4 32.Nxe4 Be7 33.Rd4 b5 34.
Ne5 Nxe5 35.Bxe5 Rh7 36.c4 Nb6 37.cxb5 cxb5 38.Kc2 Rf7 39.Bb8 a6 40.Bc7 
Nc4 41.Rd7 1/2-1/2

[Event "POL-ch"]
[Site "Chorzow POL"]
[Date "2013.04.??"]
[Round "1"]
[White "Drozdowski, Kacper"]
[Black "Markowski, Tomasz"]
[Result "1-0"]
[WhiteElo "2432"]
[BlackElo "2558"]
[EventDate "2013.04.13"]
[PlyCount "59"]

1.e4 c5 2.Nf3 e6 3.d4 cxd4 4.Nxd4 Nf6 5.Nc3 d6 6.Be3 Be7 7.g4 d5 8.Bb5+ 
Nbd7 9.exd5 Nxd5 10.Nxd5 exd5 11.Qf3 O-O 12.Bxd7 Bxd7 13.O-O-O Qc7 14.Kb1 
Rfd8 15.h4 Rac8 16.g5 Ba4 17.Rc1 Bc5 18.h5 Bxd4 19.Bxd4 Bxc2+ 20.Ka1 Qd7 
21.Qg3 Re8 22.h6 g6 23.Rhe1 Qf5 24.Rxe8+ Rxe8 25.a3 b6 26.Qc3 Rc8 27.Qe3 
Be4 28.Bc3 Kf8 29.f3 Bc2 30.Re1 1-0

[Event "POL-ch"]
[Site "Chorzow POL"]
[Date "2013.04.??"]
[Round "1"]
[White "Tazbir, Marcin"]
[Black "Hnydiuk, Aleksander"]
[Result "1/2-1/2"]
[WhiteElo "2555"]
[BlackElo "2400"]
[EventDate "2013.04.13"]
[PlyCount "40"]

1.c4 Nf6 2.Nc3 e5 3.g3 Bb4 4.Bg2 O-O 5.Nf3 Re8 6.O-O e4 7.Nd4 Nc6 8.Nc2 
Bxc3 9.bxc3 d5 10.cxd5 Qxd5 11.d4 Qh5 12.f3 exf3 13.exf3 Be6 14.Re1 Rad8 
15.Bd2 Nd5 16.a4 Nb6 17.Bf4 Nd5 18.Bd2 Nb6 19.Bf4 Nd5 20.Bd2 Nb6 1/2-1/2

[Event "POL-ch"]
[Site "Chorzow POL"]
[Date "2013.04.??"]
[Round "1"]
[White "Orzech, Dominik"]
[Black "Bulski, Krzysztof"]
[Result "1/2-1/2"]
[WhiteElo "2379"]
[BlackElo "2549"]
[EventDate "2013.04.13"]
[PlyCount "136"]

1.Nf3 Nf6 2.c4 g6 3.Nc3 d5 4.d4 Bg7 5.e3 O-O 6.Qb3 c6 7.Bd2 e6 8.Rc1 Ne4 
9.Be2 Nxd2 10.Nxd2 c5 11.dxc5 d4 12.exd4 Bxd4 13.O-O Na6 14.Rfd1 Qa5 15.
Qb5 Qxb5 16.cxb5 Nxc5 17.b4 Nd7 18.Nb3 Be5 19.Bf3 a6 20.Na5 axb5 21.Nxb5 
Nb6 22.Nd6 Nd5 23.Bxd5 Bxd6 24.Bxb7 Bxb7 25.Rxd6 Bd5 26.a3 Rfc8 27.Ra1 Rc2
28.h4 Kg7 29.Rd7 Rac8 30.b5 Rb2 31.Nc6 Bxc6 32.bxc6 Rxc6 33.Rd3 Rc4 34.g3 
Rcc2 35.Rf3 Ra2 36.Rd1 Rc7 37.Kg2 e5 38.Re3 Rcc2 39.Rf1 Rc5 40.Rfe1 Rcc2 
41.Rf1 f6 42.Kf3 Rc5 43.Rfe1 Rcc2 44.Rf1 h5 45.Kg2 Kf7 46.Rb3 Re2 47.Rc3 
Ke6 48.Rb3 Red2 49.Rc3 Rdb2 50.Kg1 e4 51.Kg2 Re2 52.Kg1 Red2 53.Kg2 Re2 
54.Kg1 Red2 55.Kg2 f5 56.Kg1 Ke5 57.Rb3 Kf6 58.Rb6+ Ke5 59.Rb3 Rdc2 60.Kg2
Re2 61.Kg1 e3 62.Rxe3+ Rxe3 63.fxe3 Ke4 64.Rf4+ Kxe3 65.a4 Rb2 66.Kf1 Ra2 
67.Kg1 Rc2 68.Kf1 Ra2 1/2-1/2

[Event "POL-ch"]
[Site "Chorzow POL"]
[Date "2013.04.??"]
[Round "1"]
[White "Jaracz, Pawel"]
[Black "Licznerski, Lukasz"]
[Result "1/2-1/2"]
[WhiteElo "2548"]
[BlackElo "2338"]
[EventDate "2013.04.13"]
[PlyCount "83"]

1.Nf3 Nf6 2.c4 g6 3.Nc3 d5 4.cxd5 Nxd5 5.d3 Bg7 6.Bd2 Nc6 7.g3 O-O 8.Bg2 
Nb6 9.O-O e5 10.Rc1 Nd4 11.Ne4 Re8 12.Bg5 f6 13.Be3 c6 14.Nc5 Ne6 15.a4 
Nd5 16.Nxe6 Bxe6 17.Bd2 a5 18.Bc3 Qd7 19.Nd2 Bh6 20.Ra1 Nxc3 21.bxc3 Bxd2 
22.Qxd2 Bh3 23.Bxh3 Qxh3 24.Rab1 Re7 25.Qe3 Qg4 26.c4 Qd4 27.Rb3 Rd8 28.
Qf3 Kg7 29.Rfb1 Rdd7 30.e3 e4 31.Qxe4 Rxe4 32.exd4 Rexd4 33.Rxb7 Rxd3 34.
R1b6 Rxb7 35.Rxb7+ Kh6 36.Rb6 Ra3 37.Rxc6 Rxa4 38.Rxf6 Rxc4 39.Ra6 a4 40.
h4 Kg7 41.Ra7+ Kg8 42.Ra8+ 1/2-1/2

[Event "POL-ch"]
[Site "Chorzow POL"]
[Date "2013.04.??"]
[Round "1"]
[White "Gajek, Radoslaw"]
[Black "Piorun, Kacper"]
[Result "0-1"]
[WhiteElo "2303"]
[BlackElo "2529"]
[EventDate "2013.04.13"]
[PlyCount "104"]

1.e4 c5 2.Nf3 e6 3.d4 cxd4 4.Nxd4 Nc6 5.Nc3 d6 6.Be3 a6 7.Be2 Nf6 8.O-O 
Be7 9.f4 Bd7 10.Qe1 b5 11.a3 O-O 12.Qg3 Rc8 13.Bd3 g6 14.Nxc6 Bxc6 15.f5 
Nh5 16.Qg4 Ng7 17.Rf2 Bh4 18.g3 Bf6 19.Raf1 Qe7 20.fxg6 fxg6 21.Rf3 Bd7 
22.Qh3 Be5 23.Bf4 Bxc3 24.bxc3 e5 25.Bg5 Bxh3 26.Bxe7 Rfe8 27.Bxd6 Bxf1 
28.Bxf1 Ne6 29.Re3 Nc5 30.c4 Rc6 31.Bxc5 Rxc5 32.cxb5 axb5 33.Rb3 Rxc2 34.
Rxb5 Rd8 35.Rb1 Rdc8 36.a4 Rc1 37.Rxc1 Rxc1 38.a5 Kf7 39.Kf2 Rc3 40.a6 Ke6
41.h4 Kd6 42.Bh3 Kc7 43.h5 gxh5 44.Bf5 h6 45.Bg6 h4 46.gxh4 Kb6 47.Bh5 
Kxa6 48.Bf3 Kb6 49.Kg3 Kc5 50.Kg4 h5+ 51.Kg3 Rxf3+ 52.Kxf3 Kd4 0-1

[Event "POL-ch"]
[Site "Chorzow POL"]
[Date "2013.04.??"]
[Round "2"]
[White "Kempinski, Robert"]
[Black "Swiercz, Dariusz"]
[Result "1/2-1/2"]
[WhiteElo "2599"]
[BlackElo "2622"]
[EventDate "2013.04.13"]
[PlyCount "65"]

1.Nf3 d5 2.d4 Nf6 3.c4 e6 4.Nc3 Bb4 5.Qa4+ Nc6 6.e3 O-O 7.Qc2 dxc4 8.Bxc4 
e5 9.dxe5 Ng4 10.e6 Bxe6 11.Bxe6 fxe6 12.h3 Nge5 13.Nxe5 Nxe5 14.O-O Qd3 
15.Qb3 Qc4 16.Qxc4 Nxc4 17.Ne4 Rad8 18.b3 Nd6 19.Ng5 Bc3 20.Rb1 Rfe8 21.
Bb2 Bf6 22.Nf3 Ne4 23.Rfc1 c6 24.Rc4 Nd2 25.Nxd2 Rxd2 26.Bxf6 gxf6 27.Rg4+
Kf7 28.Rh4 Kg7 29.Rg4+ Kf8 30.Rf4 Kg7 31.Rg4+ Kf8 32.Rf4 Kg7 33.Rg4+ 
1/2-1/2

[Event "POL-ch"]
[Site "Chorzow POL"]
[Date "2013.04.??"]
[Round "2"]
[White "Piorun, Kacper"]
[Black "Macieja, Bartlomiej"]
[Result "1-0"]
[WhiteElo "2529"]
[BlackElo "2608"]
[EventDate "2013.04.13"]
[PlyCount "65"]

1.c4 Nf6 2.g3 c6 3.Bg2 d5 4.Qc2 e5 5.d3 h6 6.Nf3 Bd6 7.Nc3 d4 8.Ne4 Nxe4 
9.dxe4 c5 10.O-O Be6 11.e3 Nc6 12.Bd2 b6 13.exd4 cxd4 14.Ne1 Rc8 15.Nd3 
O-O 16.f4 exf4 17.gxf4 f5 18.e5 Be7 19.Rac1 g5 20.fxg5 hxg5 21.h4 f4 22.
hxg5 Bxg5 23.Bxf4 Bf5 24.Bd5+ Kh8 25.Qh2+ Bh7 26.Be4 Rc7 27.Bxg5 Qxg5+ 28.
Kh1 Rg8 29.Rg1 Qe3 30.Rxg8+ Kxg8 31.Rg1+ Kf8 32.Rf1+ Kg8 33.Qg2+ 1-0

[Event "POL-ch"]
[Site "Chorzow POL"]
[Date "2013.04.??"]
[Round "2"]
[White "Bartel, Mateusz"]
[Black "Drozdowski, Kacper"]
[Result "1-0"]
[WhiteElo "2619"]
[BlackElo "2432"]
[EventDate "2013.04.13"]
[PlyCount "83"]

1.g3 Nf6 2.Bg2 d5 3.c4 dxc4 4.Na3 e5 5.Nxc4 e4 6.b3 Bc5 7.Bb2 O-O 8.Rc1 
Nc6 9.Nh3 Bd4 10.Ba3 Re8 11.O-O b5 12.Ne3 Ne5 13.Qc2 c6 14.Ng5 Qa5 15.Bd6 
Ng6 16.Nxe4 Nxe4 17.Bxe4 Bh3 18.Bg2 Bxg2 19.Kxg2 Rad8 20.Nf5 Bf6 21.e4 c5 
22.d3 b4 23.Bxc5 Bc3 24.d4 Qa6 25.a3 Qb7 26.axb4 Bxb4 27.Bxb4 Qxb4 28.Rfe1
h5 29.Re3 h4 30.Qc5 Qb8 31.Qc7 Qb4 32.Qc3 Qb8 33.d5 Ne5 34.f4 h3+ 35.Kxh3 
g6 36.fxe5 gxf5 37.exf5 Rxd5 38.Qc4 Rexe5 39.Qg4+ Kh7 40.Qh4+ Kg7 41.Rc4 
Qd6 42.Rc8 1-0

[Event "POL-ch"]
[Site "Chorzow POL"]
[Date "2013.04.??"]
[Round "2"]
[White "Grabarczyk, Miroslaw"]
[Black "Socko, Bartosz"]
[Result "1/2-1/2"]
[WhiteElo "2452"]
[BlackElo "2651"]
[EventDate "2013.04.13"]
[PlyCount "91"]

1.d4 Nf6 2.c4 g6 3.Nf3 Bg7 4.g3 O-O 5.Bg2 d6 6.Nc3 Nc6 7.O-O Bg4 8.Be3 Nd7
9.Qd2 e5 10.dxe5 Bxf3 11.exf3 Ndxe5 12.b3 Qf6 13.f4 Nxc4 14.bxc4 Qxc3 15.
Qxc3 Bxc3 16.Rab1 Rab8 17.c5 Bb4 18.cxd6 Bxd6 19.Bxc6 bxc6 20.Bxa7 Rb5 21.
Be3 Ra8 22.Rbc1 Ra6 23.Rc2 Rba5 24.Rfc1 Rxa2 25.Rxa2 Rxa2 26.Rxc6 f5 27.
Bd4 Kf7 28.Be5 Ke6 29.Bxd6 cxd6 30.Rc7 d5 31.Kg2 d4 32.Kf3 Ra3+ 33.Ke2 
Ra2+ 34.Kd3 h5 35.Kxd4 Rxf2 36.Rc6+ Kf7 37.Rc7+ Kf6 38.Rc6+ Kg7 39.Rc7+ 
Kh6 40.h4 Rg2 41.Rc3 Kg7 42.Ke5 Re2+ 43.Kd5 Rd2+ 44.Ke5 Re2+ 45.Kd5 Rd2+ 
46.Ke5 1/2-1/2

[Event "POL-ch"]
[Site "Chorzow POL"]
[Date "2013.04.??"]
[Round "2"]
[White "Dragun, Kamil"]
[Black "Tomczak, Jacek"]
[Result "0-1"]
[WhiteElo "2492"]
[BlackElo "2564"]
[EventDate "2013.04.13"]
[PlyCount "54"]

1.e4 e6 2.d4 d5 3.Nc3 Nf6 4.e5 Nfd7 5.f4 c5 6.Nf3 Nc6 7.Be3 Be7 8.Qd2 O-O 
9.Be2 b6 10.O-O Bb7 11.Kh1 f6 12.Rad1 cxd4 13.Nxd4 Nxd4 14.exf6 Nf5 15.
fxe7 Qxe7 16.Bd3 Qh4 17.Bf2 Qh6 18.Nb5 Ba6 19.Rfe1 Bxb5 20.Bxb5 Nc5 21.
Bxc5 bxc5 22.Bd3 Nd6 23.b3 Rxf4 24.Rxe6 Qxe6 25.Qxf4 Re8 26.h3 g6 27.Rf1 
c4 0-1

[Event "POL-ch"]
[Site "Chorzow POL"]
[Date "2013.04.??"]
[Round "2"]
[White "Licznerski, Lukasz"]
[Black "Tazbir, Marcin"]
[Result "0-1"]
[WhiteElo "2338"]
[BlackElo "2555"]
[EventDate "2013.04.13"]
[PlyCount "96"]

1.e4 c5 2.Nf3 d6 3.d4 cxd4 4.Nxd4 Nf6 5.Nc3 Nc6 6.Bc4 e6 7.O-O Be7 8.Bb3 
O-O 9.Be3 Na5 10.f4 Nxb3 11.axb3 a6 12.Kh1 Qc7 13.Qd3 Bd7 14.Nce2 e5 15.
Nf5 Bxf5 16.exf5 Rac8 17.c4 e4 18.Qd2 d5 19.cxd5 Rcd8 20.Nc3 Bb4 21.Qf2 
Qd7 22.Bd4 Bxc3 23.bxc3 Qxd5 24.Bxf6 gxf6 25.Rae1 Qxf5 26.Qb6 Rfe8 27.Qxb7
Qb5 28.Qxb5 axb5 29.Re3 f5 30.Rfe1 Kg7 31.Kg1 Rd2 32.R1e2 Rd6 33.Kf2 Ra8 
34.g4 Ra3 35.gxf5 Rxb3 36.Rg3+ Kf6 37.Rxe4 Rd2+ 38.Ke3 Rxh2 39.Kd3 h5 40.
Rb4 Rxb4 41.cxb4 h4 42.Rg5 h3 43.Rh5 Rh1 44.Kc2 h2 45.Kb2 Rf1 46.Rxh2 Rxf4
47.Kc3 Ke5 48.Rd2 Rf3+ 0-1

[Event "POL-ch"]
[Site "Chorzow POL"]
[Date "2013.04.??"]
[Round "2"]
[White "Bulski, Krzysztof"]
[Black "Szelag, Marcin"]
[Result "1-0"]
[WhiteElo "2549"]
[BlackElo "2484"]
[EventDate "2013.04.13"]
[PlyCount "69"]

1.e4 e6 2.d4 d5 3.Nd2 c5 4.exd5 exd5 5.Ngf3 Nc6 6.Bb5 Bd6 7.dxc5 Bxc5 8.
O-O Ne7 9.Nb3 Bd6 10.h3 O-O 11.Re1 Nf5 12.c3 Bc7 13.Bd3 Qd6 14.Bc2 Be6 15.
Qd3 g6 16.Bg5 Rae8 17.Qd2 f6 18.Bxf5 Bxf5 19.Bh4 Bb6 20.Nfd4 Be4 21.f3 g5 
22.Bf2 Bg6 23.Nb5 Bxf2+ 24.Qxf2 Qf4 25.Nc5 Bf5 26.Nxb7 Ne5 27.Nc5 Rc8 28.
b4 Nd3 29.Nxd3 Bxd3 30.Nd4 Rxc3 31.Ne6 Qb8 32.Qd4 Rfc8 33.Nc5 R3xc5 34.
bxc5 Bc4 35.Qxf6 1-0

[Event "POL-ch"]
[Site "Chorzow POL"]
[Date "2013.04.??"]
[Round "2"]
[White "Markowski, Tomasz"]
[Black "Urban, Klaudiusz"]
[Result "1-0"]
[WhiteElo "2558"]
[BlackElo "2467"]
[EventDate "2013.04.13"]
[PlyCount "105"]

1.d4 d5 2.Nf3 Nf6 3.c4 c6 4.cxd5 cxd5 5.Nc3 Nc6 6.Bf4 a6 7.Rc1 e6 8.e3 Bd6
9.Ne5 O-O 10.Bd3 Bxe5 11.Bxe5 Nxe5 12.dxe5 Nd7 13.f4 Qh4+ 14.g3 Qe7 15.O-O
Nc5 16.Bb1 b6 17.b4 Nd7 18.Qd3 g6 19.e4 Qxb4 20.exd5 Qc5+ 21.Rf2 exd5 22.
Qxd5 Rb8 23.Qd1 Qa3 24.Nd5 Bb7 25.Rf3 Qa5 26.Rd3 Nc5 27.Nf6+ Kg7 28.Rd6 
Qa3 29.Kf2 Rbc8 30.Rc4 b5 31.Rcd4 Ne6 32.Rd3 Qc5+ 33.Kf1 Qc4 34.f5 Nc5 35.
Rd4 Nxd3 36.Rxc4 bxc4 37.Nd7 Rfe8 38.Qd2 Bc6 39.e6 fxe6 40.f6+ Kh8 41.Bxd3
Bxd7 42.Bxg6 Rg8 43.Qxd7 hxg6 44.Qxe6 Rgf8 45.Qe7 Rg8 46.Qd7 Rc5 47.f7 
Rf5+ 48.Qxf5 gxf5 49.fxg8=R+ Kxg8 50.Ke2 Kf7 51.Ke3 Kf6 52.Kd4 Kg5 53.h3 
1-0

[Event "POL-ch"]
[Site "Chorzow POL"]
[Date "2013.04.??"]
[Round "2"]
[White "Czakon, Jakub"]
[Black "Gajek, Radoslaw"]
[Result "0-1"]
[WhiteElo "2485"]
[BlackElo "2303"]
[EventDate "2013.04.13"]
[PlyCount "90"]

1.f4 Nf6 2.Nf3 g6 3.g3 Bg7 4.Bg2 d5 5.O-O O-O 6.d3 d4 7.e4 dxe3 8.Qe2 Nd5 
9.c3 c5 10.Ne5 Bxe5 11.fxe5 Nc6 12.Bxe3 Nxe3 13.Qxe3 Bf5 14.Qxc5 Qxd3 15.
Na3 Qe2 16.Bxc6 bxc6 17.Rf2 Qe4 18.Rf4 Qd5 19.Qxd5 cxd5 20.Rd1 Rab8 21.Rf2
Be6 22.Rd4 Rb7 23.Kf1 Rfb8 24.Rdd2 a5 25.Ke1 a4 26.Kd1 d4 27.cxd4 Bxa2 28.
Ke2 Rxb2 29.Kd1 Rxd2+ 30.Rxd2 Bd5 31.Rd3 Rb2 32.h4 Ra2 33.Kc1 Bb3 34.Nb5 
Rc2+ 35.Kb1 Rg2 36.Rc3 Kg7 37.Rc7 Rxg3 38.Rxe7 h5 39.Kb2 g5 40.Nc7 gxh4 
41.e6 a3+ 42.Kxa3 Bxe6+ 43.Kb4 Kf6 44.Re8 h3 45.Nxe6 fxe6 0-1

[Event "POL-ch"]
[Site "Chorzow POL"]
[Date "2013.04.??"]
[Round "3"]
[White "Tomczak, Jacek"]
[Black "Bartel, Mateusz"]
[Result "1/2-1/2"]
[WhiteElo "2564"]
[BlackElo "2619"]
[EventDate "2013.04.13"]
[PlyCount "55"]

1.e4 e6 2.d4 d5 3.Nc3 Bb4 4.e5 c5 5.a3 Bxc3+ 6.bxc3 Ne7 7.h4 Qc7 8.h5 h6 
9.Nf3 b6 10.a4 Ba6 11.Bb5+ Bxb5 12.axb5 a5 13.O-O Nd7 14.Nh4 Rc8 15.Qg4 
cxd4 16.cxd4 Qxc2 17.Qxg7 Rg8 18.Qxh6 Qe4 19.Bg5 Nf5 20.Rac1 Rc4 21.Rxc4 
dxc4 22.Nxf5 Qxf5 23.Be3 Rxg2+ 24.Kxg2 Qg4+ 25.Kh2 Qh4+ 26.Kg2 Qg4+ 27.Kh2
Qh4+ 28.Kg2 1/2-1/2

[Event "POL-ch"]
[Site "Chorzow POL"]
[Date "2013.04.??"]
[Round "3"]
[White "Tazbir, Marcin"]
[Black "Kempinski, Robert"]
[Result "1/2-1/2"]
[WhiteElo "2555"]
[BlackElo "2599"]
[EventDate "2013.04.13"]
[PlyCount "83"]

1.e4 c5 2.Nf3 d6 3.d4 cxd4 4.Nxd4 Nf6 5.Nc3 a6 6.h3 Nc6 7.g4 e6 8.g5 Nd7 
9.h4 Qb6 10.Nb3 Qc7 11.Be3 b5 12.Bd3 Nce5 13.Qe2 b4 14.Nd1 d5 15.f4 Bb7 
16.fxe5 dxe4 17.Bc4 Nxe5 18.Nd2 Nf3+ 19.Nxf3 exf3 20.Qf1 Bd6 21.Bd3 O-O 
22.Nf2 Bf4 23.Bxf4 Qxf4 24.Qh3 Rfe8 25.Qg4 Qxg4 26.Nxg4 f2+ 27.Kxf2 Bxh1 
28.Rxh1 Rac8 29.Re1 Rc5 30.Re4 a5 31.Rd4 Kf8 32.Rd7 Re7 33.Rd8+ Re8 34.Rd7
Re7 35.Rd6 Re8 36.Ra6 Rec8 37.Ke3 R8c6 38.Ra8+ Rc8 39.Ra7 R8c7 40.Ra8+ Rc8
41.Ra6 R8c6 42.Ra8+ 1/2-1/2

[Event "POL-ch"]
[Site "Chorzow POL"]
[Date "2013.04.??"]
[Round "3"]
[White "Drozdowski, Kacper"]
[Black "Gajewski, Grzegorz"]
[Result "0-1"]
[WhiteElo "2432"]
[BlackElo "2653"]
[EventDate "2013.04.13"]
[PlyCount "70"]

1.e4 c5 2.Nf3 d6 3.d4 cxd4 4.Nxd4 Nf6 5.Nc3 a6 6.Be3 e5 7.Nb3 Be6 8.h3 Be7
9.Qf3 O-O 10.O-O-O b5 11.g4 b4 12.Nd5 Nxd5 13.exd5 Bc8 14.Bd3 Nd7 15.Nd2 
a5 16.g5 Ba6 17.Bf5 g6 18.Bxd7 Qxd7 19.Ne4 Rfc8 20.Kb1 a4 21.h4 b3 22.cxb3
axb3 23.axb3 Qb5 24.Bc1 Qa5 25.Nc3 Rxc3 26.Qxc3 Qa2+ 27.Kc2 Rc8 28.Bd2 
Rxc3+ 29.Bxc3 Bc8 30.Ra1 Bf5+ 31.Kd2 Qxb3 32.Ra8+ Kg7 33.Rha1 Qxd5+ 34.Ke1
Qe4+ 35.Kd2 Qd3+ 0-1

[Event "POL-ch"]
[Site "Chorzow POL"]
[Date "2013.04.??"]
[Round "3"]
[White "Socko, Bartosz"]
[Black "Duda, Jan-Krzysztof"]
[Result "1-0"]
[WhiteElo "2651"]
[BlackElo "2497"]
[EventDate "2013.04.13"]
[PlyCount "103"]

1.e4 c5 2.Nf3 d6 3.d4 cxd4 4.Qxd4 a6 5.Be3 Nc6 6.Qd2 Nf6 7.Nc3 e6 8.O-O-O 
Be7 9.Bf4 Ng4 10.h3 Nge5 11.Nxe5 Nxe5 12.Bh2 O-O 13.f4 Nc6 14.Kb1 b5 15.
Bd3 b4 16.Ne2 a5 17.h4 a4 18.h5 Ra5 19.h6 g6 20.Bg1 e5 21.Bc4 Be6 22.Bd5 
Qd7 23.Be3 Rb8 24.Rhf1 b3 25.Bxe6 Qxe6 26.cxb3 axb3 27.a3 exf4 28.Rxf4 g5 
29.Nd4 Nxd4 30.Qxd4 f6 31.Rf3 Re5 32.Bc1 Rxe4 33.Qa7 Rc8 34.Qb7 Kf7 35.
Rxb3 Kg6 36.Rbd3 Rec4 37.Bd2 Qe4 38.Qxe4+ Rxe4 39.Bb4 Bf8 40.Bxd6 Bxh6 41.
b4 Re2 42.b5 Rcc2 43.Rb3 Bg7 44.Rc1 Rcd2 45.Bb4 Rd7 46.a4 f5 47.b6 f4 48.
a5 g4 49.a6 Bd4 50.b7 Re8 51.Rc8 Rdd8 52.b8=Q 1-0

[Event "POL-ch"]
[Site "Chorzow POL"]
[Date "2013.04.??"]
[Round "3"]
[White "Gajek, Radoslaw"]
[Black "Markowski, Tomasz"]
[Result "0-1"]
[WhiteElo "2303"]
[BlackElo "2558"]
[EventDate "2013.04.13"]
[PlyCount "66"]

1.e4 g6 2.d4 Bg7 3.Nc3 c6 4.f4 d5 5.e5 Qb6 6.Nf3 Bg4 7.Be2 Nh6 8.Na4 Qc7 
9.Nc5 b6 10.Nd3 O-O 11.h3 Bxf3 12.Bxf3 Nf5 13.c3 Ng3 14.Rg1 e6 15.Be3 f5 
16.exf6 Bxf6 17.Bf2 Nf5 18.g4 Ng7 19.Qe2 Nd7 20.h4 c5 21.h5 gxh5 22.g5 Be7
23.Bxh5 c4 24.Ne5 Rxf4 25.Be3 Nxe5 26.Bxf4 Nd3+ 27.Qxd3 Qxf4 28.Qh3 Rf8 
29.Kd1 Qf2 30.Rh1 Qxb2 31.Rc1 Bxg5 32.Bf7+ Kxf7 33.Rf1+ Ke7 0-1

[Event "POL-ch"]
[Site "Chorzow POL"]
[Date "2013.04.??"]
[Round "3"]
[White "Pakleza, Zbigniew"]
[Black "Licznerski, Lukasz"]
[Result "1-0"]
[WhiteElo "2486"]
[BlackElo "2338"]
[EventDate "2013.04.13"]
[PlyCount "79"]

1.d4 Nf6 2.Nf3 g6 3.Bf4 Bg7 4.e3 O-O 5.Be2 d6 6.h3 Nbd7 7.O-O Qe8 8.Bh2 e5
9.c4 Ne4 10.Nbd2 Nxd2 11.Qxd2 e4 12.Ne1 f5 13.Nc2 Qe7 14.Qa5 Nf6 15.c5 Be6
16.cxd6 cxd6 17.Na3 Rfc8 18.Rfc1 a6 19.Nc4 Bxc4 20.Bxc4+ Kh8 21.Bb3 Bf8 
22.Rc3 Qd7 23.Rac1 Be7 24.Qb6 Ne8 25.Bd5 Rcb8 26.Bf7 Nf6 27.Qc7 Kg7 28.Bb3
Kf8 29.Qc4 d5 30.Qc7 Qe6 31.Qe5 Kf7 32.Qxe6+ Kxe6 33.Bxb8 Rxb8 34.Rc8 Rxc8
35.Rxc8 Kd7 36.Rc1 Bd8 37.Ba4+ b5 38.Bb3 Bb6 39.a4 b4 40.Bd1 1-0